| 000 | 00647nam a2200217Ia 4500 | ||
|---|---|---|---|
| 003 | IN-BaIIA | ||
| 008 | 211028s9999 xx 000 0 eng d | ||
| 020 | _a978-94-007-0500-5 | ||
| 040 | _cIIA Library | ||
| 080 |
_a551.510.537 _bTHE |
||
| 245 | 4 |
_aThe Dynamic magnetosphere _cedited by William Liu and Masaki Fujimoto |
|
| 260 |
_aDordrecht _bSpringer _c2011 |
||
| 300 | _axiv, 368p. | ||
| 490 | _aIAGA special sopron book series; 3 | ||
| 650 |
_aMagnetosphere _93270 |
||
| 650 |
_aSolar wind _95747 |
||
| 650 |
_aWaves and turbulence _935336 |
||
| 700 |
_aFujimoto, Masaki, ed. _935337 |
||
| 700 |
_aLiu, William, ed. _935338 |
||
| 942 | _cBK | ||
| 999 |
_c18409 _d18409 |
||